[Event "Sparkassen-Open A"]
[Site "Heusenstamm, Martinsee"]
[Date "2016.11.27"]
[Round "1.25"]
[White "Kulenovic, Adnan"]
[Black "Osmanodja, Filiz"]
[Result "0-1"]
[WhiteElo "1941"]
[BlackElo "2308"]
[PlyCount "226"]
[EventDate "2016.??.??"]
[WhiteTeam "SV Kinzigtal"]
[BlackTeam "USV TU Dresden"]

1. a3 e5 2. e4 Nf6 3. f4 exf4 4. e5 Nd5 5. Nf3 d6 6. c4 Nb6 7. Be2 dxe5 8. O-O
e4 9. Ne1 Qh4 10. d4 e3 11. Nf3 Qh6 12. Nc3 c6 13. Ne5 f6 14. Nd3 g5 15. Bh5+
Kd8 16. d5 N8d7 17. Bf3 c5 18. b3 f5 19. Bb2 Rg8 20. a4 a5 21. Kh1 g4 22. Be2
f3 23. Bxf3 Bd6 24. g3 Bxg3 25. Qe2 Rg5 26. Bxg4 Rxg4 27. Rg1 f4 28. Rg2 Rh4
29. Rf1 Nf6 30. Ne5 Ke8 31. Rfg1 Ng4 32. Nf3 Nf2+ 33. Rxf2 Bxf2 34. Rg2 Bg4 35.
Ne4 Nd7 36. Nxf2 Bxf3 37. Qxf3 exf2 38. Qxf2 Kf7 39. Rg7+ Qxg7 40. Bxg7 Rg4 41.
Bh6 Kg6 42. Bxf4 Rf8 43. Qc2+ Kg7 44. Bg3 h5 45. Qe2 Rf7 46. d6 Kf8 47. Qe6 Nf6
48. Be5 Nd7 49. Qh6+ Ke8 50. Qxh5 Nxe5 51. Qxe5+ Kd7 52. Qe1 Rgf4 53. Qg3 Rf3
54. Qe5 Rf1+ 55. Kg2 R1f2+ 56. Kg3 R2f5 57. Qe4 Kd8 58. h4 Kd7 59. Kg4 Rf1 60.
Qxb7+ Kxd6 61. Qd5+ Ke7 62. Qxc5+ Ke8 63. Qd4 Rg1+ 64. Kh3 Rfg7 65. Qe4+ Kf8
66. h5 R1g3+ 67. Kh4 Rg2 68. Qf4+ Kg8 69. h6 R7g6 70. Kh5 R6g3 71. Kh4 Rg6 72.
c5 Kh7 73. Qf7+ Kxh6 74. Qf8+ Kh7 75. Qf7+ Rg7 76. Qf5+ Kg8 77. Qd5+ Kh8 78.
Qd8+ Kh7 79. Qd3+ R7g6 80. Kh3 R2g5 81. Kh4 Rg2 82. Qd7+ Kh6 83. Qh3 Re2 84.
Qh1 Rc2 85. Qh3 Re2 86. Qh1 Rc2 87. Qh3 Rxc5 88. Qe3+ Rcg5 89. Qf4 Rg7 90. Qe3
R7g6 91. Qf4 Rg7 92. Qf6+ R5g6 93. Qf4+ Kh7 94. Kh5 Rg1 95. Qf5+ Kh8 96. Qf8+
Kh7 97. Qf5+ Kg8 98. Qd5+ Kf8 99. Kh6 R7g6+ 100. Kh5 Rg7 101. Qd8+ Kf7 102.
Qd7+ Kf6 103. Qd6+ Kf5 104. Qd5+ Kf4 105. Qd4+ Kf3 106. Qd3+ Kg2 107. Qe4+ Kf2
108. Kh6 R7g3 109. Qd4+ Ke1 110. Qe4+ Kd2 111. Qh4 Rg6+ 112. Kh7 Rg7+ 113. Kh8
Rg8+ 0-1

[Event "Sparkassen-Open A"]
[Site "Heusenstamm, Martinsee"]
[Date "2016.11.27"]
[Round "1.26"]
[White "Klundt, Klaus"]
[Black "Musiolik, David"]
[Result "1-0"]
[WhiteElo "2300"]
[BlackElo "1874"]
[PlyCount "77"]
[EventDate "2016.??.??"]
[WhiteTeam "SC Heusenstamm"]
[BlackTeam "SC Ramstein"]

1. e4 e6 2. d4 d5 3. Nd2 Nf6 4. e5 Nfd7 5. f4 c5 6. c3 Nc6 7. Ndf3 cxd4 8. cxd4
f6 9. g3 Be7 10. Bh3 Bb4+ 11. Kf2 Qe7 12. Ne2 O-O 13. Kg2 a6 14. Rf1 b5 15. a4
Nb6 16. Nc3 bxa4 17. Nxa4 Nxa4 18. Rxa4 Bd7 19. Ra2 f5 20. g4 fxg4 21. Bxg4 Na5
22. b3 Rac8 23. Kh1 Rc3 24. Rg1 Rfc8 25. Bd2 R3c6 26. Rxa5 Bxa5 27. Bxa5 Qa3
28. Bd2 Rc2 29. Qe1 Qxb3 30. Qg3 g6 31. Qh3 R8c6 32. Qh4 Qb7 33. Qd8+ Kg7 34.
Qe7+ Kg8 35. Bb4 Rc8 36. Ng5 Bc6 37. Bxe6+ Kh8 38. Nf7+ Kg7 39. Qf6+ 1-0

[Event "Sparkassen-Open A"]
[Site "Heusenstamm, Martinsee"]
[Date "2016.11.27"]
[Round "1.27"]
[White "Marchese, Gaspare"]
[Black "Pfreundt, Jakob"]
[Result "0-1"]
[WhiteElo "1933"]
[BlackElo "2293"]
[PlyCount "56"]
[EventDate "2016.??.??"]
[WhiteTeam "SC Matt im Park"]
[BlackTeam "Königsspr. SC"]

1. e4 e5 2. d4 exd4 3. Qxd4 Nc6 4. Qe3 g6 5. Nc3 Bg7 6. Bd2 Nf6 7. f3 O-O 8.
O-O-O d5 9. Qf2 dxe4 10. Bc4 Qe7 11. h4 Be6 12. Bxe6 Qxe6 13. Nh3 exf3 14. gxf3
Rad8 15. Ng5 Qf5 16. Nce4 Nxe4 17. Nxe4 Rd4 18. Ng3 Qd5 19. Kb1 Rd8 20. Ne4 f5
21. c3 Rd3 22. c4 Qd4 23. Qxd4 R3xd4 24. Bc3 Rxd1+ 25. Rxd1 Rxd1+ 26. Kc2 fxe4
27. Kxd1 Bxc3 28. bxc3 exf3 0-1

[Event "Sparkassen-Open A"]
[Site "Heusenstamm, Martinsee"]
[Date "2016.11.27"]
[Round "1.28"]
[White "Kersten, Uwe"]
[Black "Zimmer, Gerald"]
[Result "1-0"]
[WhiteElo "2292"]
[BlackElo "1929"]
[PlyCount "49"]
[EventDate "2016.??.??"]
[WhiteTeam "Kasseler SK"]
[BlackTeam "SC Bergen-Enkheim"]

1. d4 Nf6 2. Nf3 e6 3. e3 b6 4. Bd3 Bb7 5. O-O c5 6. c4 d5 7. cxd5 Nxd5 8. Nc3
Nc6 9. Qe2 cxd4 10. exd4 Be7 11. Rd1 O-O 12. Qe4 Nf6 13. Qh4 Nb4 14. Be2 Ne4
15. Qg4 Nf6 16. Qh3 Rc8 17. Bf4 Nbd5 18. Bd2 Bb4 19. Nxd5 Nxd5 20. Bd3 h6 21.
Bxh6 gxh6 22. Qxh6 Nf6 23. Ng5 Be7 24. Bh7+ Kh8 25. Be4+ 1-0

[Event "Sparkassen-Open A"]
[Site "Heusenstamm, Martinsee"]
[Date "2016.11.27"]
[Round "1.29"]
[White "Modric, Vladimir"]
[Black "Schmitzer, Klaus"]
[Result "0-1"]
[WhiteElo "1928"]
[BlackElo "2285"]
[PlyCount "50"]
[EventDate "2016.??.??"]
[WhiteTeam "SC Nied"]
[BlackTeam "Bad Vilbeler Sfr"]

1. d4 e6 2. Nf3 b6 3. e4 Bb7 4. Bd3 Nf6 5. Nbd2 c5 6. c3 Nc6 7. O-O cxd4 8.
cxd4 Nb4 9. Bb1 Ba6 10. Re1 Nd3 11. Bxd3 Bxd3 12. Qb3 Ba6 13. d5 Bc5 14. dxe6
fxe6 15. e5 Nd5 16. Ne4 O-O 17. Nxc5 bxc5 18. Qa4 Bd3 19. Bg5 Qe8 20. Qh4 Rb8
21. Rad1 Bf5 22. Be3 Rb4 23. Qg3 Rg4 24. Qh3 Nxe3 25. Rxe3 Rd4 0-1

[Event "Sparkassen-Open A"]
[Site "Heusenstamm, Martinsee"]
[Date "2016.11.27"]
[Round "1.30"]
[White "Zieher, Hartmut"]
[Black "Thomele, Michael"]
[Result "1-0"]
[WhiteElo "2285"]
[BlackElo "1928"]
[PlyCount "63"]
[EventDate "2016.??.??"]
[WhiteTeam "Hamburger SK"]
[BlackTeam "SC Obernau"]

1. e4 c5 2. Nc3 d6 3. f4 a6 4. a4 Nc6 5. Nf3 e6 6. d4 cxd4 7. Nxd4 Nf6 8. Be2
Be7 9. Be3 Bd7 10. O-O Rc8 11. Kh1 Nxd4 12. Bxd4 Qa5 13. e5 dxe5 14. fxe5 Nd5
15. Ne4 Qc7 16. c3 Bc6 17. Bd3 Qd7 18. Qh5 Rf8 19. Qxh7 Nb4 20. Bb1 Bxe4 21.
Bxe4 Nc6 22. Qxg7 Nxd4 23. cxd4 Rc4 24. Qg3 Rxd4 25. Qf3 Rb4 26. b3 Qc7 27.
Rac1 Qxe5 28. Bxb7 f6 29. Bxa6 Rh4 30. g3 Rh5 31. Rce1 Qg5 32. Qc6+ 1-0

[Event "Sparkassen-Open A"]
[Site "Heusenstamm, Martinsee"]
[Date "2016.11.27"]
[Round "1.31"]
[White "Pabel, Ralph"]
[Black "Keller, Peter"]
[Result "0-1"]
[WhiteElo "1927"]
[BlackElo "2269"]
[PlyCount "58"]
[EventDate "2016.??.??"]
[WhiteTeam "SK Mainaschaff"]
[BlackTeam "Frankfurter TV"]

1. d4 d5 2. c4 c6 3. e3 Nf6 4. Nc3 a6 5. a4 Bf5 6. Qb3 Ra7 7. f3 h5 8. Nge2 e6
9. Nf4 Bd6 10. c5 Bc7 11. Bd2 Nbd7 12. Nd3 e5 13. Nf2 Qb8 14. Ne2 exd4 15. exd4
O-O 16. Qe3 b6 17. Qg5 Bg6 18. cxb6 Qxb6 19. Bc3 Re8 20. g4 Bd8 21. Qd2 hxg4
22. fxg4 Ne4 23. Nxe4 Bxe4 24. Rg1 Bh4+ 25. Ng3 Nf6 26. O-O-O Qb3 27. Nxe4 Nxe4
28. Qc2 Bg5+ 29. Kb1 Nxc3+ 0-1

[Event "Sparkassen-Open A"]
[Site "Heusenstamm, Martinsee"]
[Date "2016.11.27"]
[Round "1.32"]
[White "Schlapp, Thomas"]
[Black "Cors, Heinz-Friedrich"]
[Result "1-0"]
[WhiteElo "2261"]
[BlackElo "1925"]
[PlyCount "47"]
[EventDate "2016.??.??"]
[WhiteTeam "SG Kaiserslautern"]
[BlackTeam "Schachforum Darmstadt"]

1. d4 Nf6 2. c4 e6 3. Nc3 Bb4 4. e3 b6 5. Bd3 Bb7 6. Nf3 O-O 7. O-O d6 8. Na4
d5 9. c5 b5 10. Bxb5 c6 11. Bd3 Ba6 12. Bxa6 Nxa6 13. a3 Ba5 14. Qd3 Qc8 15. b4
Bd8 16. Ne5 Nb8 17. Bd2 Nfd7 18. f4 f6 19. Nf3 f5 20. Be1 Nf6 21. Bh4 Nbd7 22.
Nc3 Ne4 23. Bxd8 Qxd8 24. a4 1-0

[Event "Sparkassen-Open A"]
[Site "Heusenstamm, Martinsee"]
[Date "2016.11.27"]
[Round "1.33"]
[White "Bogucanin, Mirsad"]
[Black "De Visser, Leon"]
[Result "0-1"]
[WhiteElo "1923"]
[BlackElo "2230"]
[PlyCount "136"]
[EventDate "2016.??.??"]
[WhiteTeam "VSG Offenbach"]
[BlackTeam "SC Brett vorm Kopp"]

1. Nf3 d5 2. d4 Nf6 3. c4 c6 4. Nc3 dxc4 5. a4 Bf5 6. e3 e6 7. Bxc4 Bb4 8. O-O
O-O 9. Qb3 Qe7 10. Bd2 Nbd7 11. Rfe1 Bg4 12. Be2 Rfd8 13. h3 Bh5 14. Ne4 Bxd2
15. Nfxd2 Bg6 16. Nxf6+ Nxf6 17. Nf3 Ne4 18. Rac1 Rab8 19. Red1 Qf6 20. Qb4
Rdc8 21. Rc4 Qd8 22. Rdc1 h6 23. a5 a6 24. Qa3 Bh5 25. R1c2 Nd6 26. Rc5 Bg6 27.
Bd3 Be4 28. Bxe4 Nxe4 29. Re5 Nf6 30. Rec5 Qd6 31. Ne5 Rd8 32. Qd3 Nd7 33. Nxd7
Rxd7 34. Qe4 Re8 35. f4 Qe7 36. Qf3 Rd5 37. Qg3 Qf6 38. Kh2 Red8 39. Qf3 g6 40.
Qg3 Kg7 41. b4 Qf5 42. Qe1 Qe4 43. Qc3 g5 44. g3 f5 45. Qd2 Kf6 46. Qf2 Rg8 47.
Rxd5 exd5 48. fxg5+ hxg5 49. Rc1 Rh8 50. Rf1 Kg6 51. Re1 Rh7 52. Qg2 Qe8 53.
Qf2 Qh8 54. Qg2 g4 55. h4 Rxh4+ 56. Kg1 Rh3 57. Rf1 Qe8 58. Re1 Qe7 59. Qf2 Qc7
60. Kg2 Qh7 61. Qg1 Qe7 62. Kf2 Qxb4 63. Re2 Qxa5 64. Qg2 Qc7 65. e4 dxe4 66.
Rxe4 fxe4 67. Qxe4+ Kf6 68. Qxg4 Qxg3+ 0-1

[Event "Sparkassen-Open A"]
[Site "Heusenstamm, Martinsee"]
[Date "2016.11.27"]
[Round "1.34"]
[White "Henrich, Thomas"]
[Black "Oltzen, Samuel"]
[Result "1-0"]
[WhiteElo "2221"]
[BlackElo "1850"]
[PlyCount "73"]
[EventDate "2016.??.??"]
[WhiteTeam "SK Marburg"]
[BlackTeam "Lübecker SV"]

1. e4 d5 2. exd5 Qxd5 3. Nc3 Qa5 4. d4 Nf6 5. Bc4 c6 6. Nf3 Bg4 7. h3 Bxf3 8.
Qxf3 e6 9. O-O Be7 10. Bf4 O-O 11. Rfe1 Re8 12. a3 Nd5 13. Bd2 Qb6 14. Qd3 Nd7
15. Ne4 Rad8 16. Ng5 N7f6 17. Ba2 Nc7 18. Be3 Ncd5 19. Bd2 Nc7 20. c3 c5 21.
Qc2 cxd4 22. cxd4 Ncd5 23. Qd3 h6 24. Nf3 Nc7 25. b4 Nb5 26. Be3 Nd5 27. Ne5
Nbc3 28. Bc4 Nxe3 29. fxe3 f6 30. Ng6 Kf7 31. Nxe7 Rxe7 32. Qxc3 Kf8 33. Qd3 f5
34. Rad1 Qd6 35. Rf1 g6 36. e4 Kg7 37. Qe3 1-0

[Event "Sparkassen-Open A"]
[Site "Heusenstamm, Martinsee"]
[Date "2016.11.27"]
[Round "1.35"]
[White "Vangsgaard, Claus"]
[Black "Prill, Daniel"]
[Result "0-1"]
[WhiteElo "1923"]
[BlackElo "2198"]
[PlyCount "84"]
[EventDate "2016.??.??"]
[WhiteTeam "Vejlby-Risskov"]
[BlackTeam "SC Heitersheim"]

1. e4 c6 2. d4 d5 3. Nc3 dxe4 4. Nxe4 Nd7 5. Nf3 Ngf6 6. Nxf6+ Nxf6 7. Bf4 Bg4
8. Be2 e6 9. O-O Qb6 10. Qd3 Bf5 11. Qc4 Rd8 12. b4 Qxb4 13. Qxb4 Bxb4 14. Rab1
Nd5 15. Be3 b6 16. Ne5 Rc8 17. g4 Bxc2 18. Rbc1 Ba4 19. Nc4 O-O 20. Nb2 Bb5 21.
Bxb5 cxb5 22. Nd3 Ba3 23. Rb1 b4 24. Bc1 Rc4 25. Bxa3 bxa3 26. Rb3 Rxd4 27.
Rxa3 Rxg4+ 28. Kh1 a5 29. Ne5 Re4 30. Nf3 Rc8 31. Nd2 Re2 32. Nf3 Rcc2 33. Nd4
Rxa2 34. Rc1 Re1+ 35. Rxe1 Rxa3 36. Nb5 Ra2 37. Rd1 g6 38. h4 Rb2 39. Nd6 b5
40. Rc1 a4 41. Rc8+ Kg7 42. h5 gxh5 0-1

[Event "Sparkassen-Open A"]
[Site "Heusenstamm, Martinsee"]
[Date "2016.11.27"]
[Round "1.36"]
[White "Lorscheid, Gerhard"]
[Black "Bittner, Peter"]
[Result "1-0"]
[WhiteElo "2197"]
[BlackElo "1922"]
[PlyCount "151"]
[EventDate "2016.??.??"]
[WhiteTeam "Stuttgarter SF"]
[BlackTeam "SC Nied"]

1. d4 Nf6 2. c4 e6 3. Nc3 Bb4 4. Qc2 c5 5. dxc5 Bxc5 6. Nf3 h6 7. Bf4 a6 8. Rd1
Qe7 9. e3 O-O 10. h3 d6 11. a3 e5 12. Bh2 Be6 13. Be2 Rc8 14. O-O Bb6 15. Qb3
Ba7 16. Nd5 Bxd5 17. cxd5 b5 18. a4 bxa4 19. Qxa4 Qd7 20. Qa3 Bb6 21. Nd2 a5
22. Nb1 Bc5 23. Qd3 Na6 24. Nc3 Nb4 25. Qb1 Rcb8 26. Rd2 a4 27. Qc1 Ra5 28. Bg3
Re8 29. Qd1 e4 30. Qb1 Qf5 31. Rfd1 Rb8 32. Qc1 g5 33. Qb1 h5 34. Rf1 h4 35.
Bh2 Qg6 36. Rc1 a3 37. bxa3 Rxa3 38. Rb2 Rba8 39. Rxb4 Bxb4 40. Qxb4 g4 41.
hxg4 Nxg4 42. Qxd6 Qf5 43. Qf4 Qxf4 44. Bxf4 Ra1 45. Nb1 f5 46. d6 Kf8 47. d7
Ke7 48. Rd1 Nf6 49. Be5 R1a2 50. Nc3 Rc2 51. d8=Q+ Rxd8 52. Rxd8 Kxd8 53. Bxf6+
Kd7 54. Kh2 Ke6 55. Bd4 Rc1 56. Bd1 f4 57. Bb3+ Kf5 58. Bd5 fxe3 59. Bxe4+ Ke6
60. fxe3 Kf7 61. Ne2 Re1 62. Nf4 Kg8 63. Ng6 Kh7 64. Nxh4+ Kh6 65. Nf3 Re2 66.
Bf5 Kh5 67. Bd3 Ra2 68. Kh3 Ra3 69. Bb5 Rb3 70. g4+ Kh6 71. g5+ Kh7 72. Bc4 Rb4
73. Bf7 Rb1 74. g6+ Kh6 75. g7 Rc1 76. g8=N+ 1-0

[Event "Sparkassen-Open A"]
[Site "Heusenstamm, Martinsee"]
[Date "2016.11.27"]
[Round "1.37"]
[White "Sauer, Bernd"]
[Black "Dunsbach, Ralf"]
[Result "1/2-1/2"]
[WhiteElo "1834"]
[BlackElo "2180"]
[PlyCount "77"]
[EventDate "2016.??.??"]
[WhiteTeam "SF Katernberg"]
[BlackTeam "SK Bad Homburg"]

1. d4 Nf6 2. c4 g6 3. Nc3 d5 4. cxd5 Nxd5 5. e4 Nxc3 6. bxc3 Bg7 7. Bc4 O-O 8.
Ne2 c5 9. O-O Nc6 10. Be3 Bg4 11. f3 Na5 12. Bxf7+ Rxf7 13. fxg4 Rxf1+ 14. Kxf1
cxd4 15. cxd4 e5 16. Kg1 b5 17. d5 Nc4 18. Bf2 a6 19. Rb1 Qg5 20. Ng3 Rf8 21.
Rb3 Qf4 22. Rf3 Qd2 23. Qxd2 Nxd2 24. Rd3 Nc4 25. g5 Rd8 26. Nf1 Bf8 27. Nd2
Nxd2 28. Rxd2 Rc8 29. Bb6 Bd6 30. Kf2 Kf7 31. Ke2 Bb4 32. Rd3 Ke8 33. Kd1 Rc3
34. Rxc3 Bxc3 35. Kc2 Ba1 36. Ba5 Bd4 37. Bc3 Bxc3 38. Kxc3 a5 39. Kb3 1/2-1/2

[Event "Sparkassen-Open A"]
[Site "Heusenstamm, Martinsee"]
[Date "2016.11.27"]
[Round "1.38"]
[White "Muckle, Julius"]
[Black "Khudovekov, Maxim"]
[Result "1-0"]
[WhiteElo "2178"]
[BlackElo "1908"]
[PlyCount "64"]
[EventDate "2016.??.??"]
[WhiteTeam "SK Ludwigshafen"]
[BlackTeam "SK Smolensk"]

1. d4 f5 2. c4 Nf6 3. Nc3 g6 4. g3 Bg7 5. Bg2 O-O 6. Nf3 d6 7. O-O c6 8. Re1
Na6 9. d5 e5 10. dxe6 Bxe6 11. Bf4 Bxc4 12. Bxd6 Re8 13. Qa4 Bf7 14. Be5 Qb6
15. Bd4 Qb4 16. Qc2 Qc4 17. b3 Nb4 18. Qb2 Qe6 19. a3 Na6 20. Rab1 h6 21. e4
Qd7 22. Rbd1 Qe6 23. exf5 Qxb3 24. Qa1 gxf5 25. Nh4 Rxe1+ 26. Rxe1 Be6 27. Ne2
Nh5 28. Bf3 Bxd4 29. Nxd4 Qa2 30. Qxa2 Bxa2 31. Bxh5 Nc7 32. Ndxf5 Rd8 1-0

[Event "Sparkassen-Open A"]
[Site "Heusenstamm, Martinsee"]
[Date "2016.11.27"]
[Round "1.39"]
[White "Altenbernd, Dirk"]
[Black "Chan, Kim Yew"]
[Result "0-1"]
[WhiteElo "1902"]
[BlackElo "2169"]
[PlyCount "58"]
[EventDate "2016.??.??"]
[WhiteTeam "SG Osnabrück"]
[BlackTeam "Subang Jaya Chess Club"]

1. c4 c5 2. g3 g6 3. Bg2 Bg7 4. Nc3 Nc6 5. e3 e5 6. Nge2 Nge7 7. a3 d6 8. O-O
Be6 9. Nd5 O-O 10. h3 f5 11. d3 Qd7 12. Kh2 Rae8 13. Rb1 a5 14. b3 g5 15. f4
exf4 16. exf4 g4 17. h4 Nd4 18. Nxd4 Bxd4 19. Nxe7+ Rxe7 20. b4 axb4 21. axb4
b6 22. bxc5 bxc5 23. Rb7 Qxb7 24. Bxb7 Rxb7 25. Re1 Bd7 26. Re2 Bc6 27. Ra2 Re8
28. Re2 Reb8 29. Ra2 Re7 0-1

[Event "Sparkassen-Open A"]
[Site "Heusenstamm, Martinsee"]
[Date "2016.11.27"]
[Round "1.40"]
[White "Olsen, Filip Boe"]
[Black "Iwanziw, Niklas"]
[Result "1-0"]
[WhiteElo "2136"]
[BlackElo "1902"]
[PlyCount "101"]
[EventDate "2016.??.??"]
[WhiteTeam "SG Turm Kiel"]
[BlackTeam "SF Neuberg"]

1. d4 d5 2. c4 e6 3. Nc3 c6 4. Nf3 dxc4 5. a4 Bb4 6. e3 b5 7. Bd2 a5 8. axb5
Bxc3 9. Bxc3 cxb5 10. b3 Bb7 11. bxc4 b4 12. Bb2 Nf6 13. c5 O-O 14. Bb5 Qc7 15.
O-O Ng4 16. g3 f5 17. Qe2 Bc6 18. h3 Bxb5 19. Qxb5 Nxe3 20. fxe3 Qxg3+ 21. Kh1
Qxh3+ 22. Nh2 Qxe3 23. Qb7 Qe4+ 24. Qxe4 fxe4 25. Rg1 Rf2 26. Rab1 Ra7 27. Ng4
Rf4 28. Bc1 Rf3 29. Ne5 Rh3+ 30. Kg2 Rc3 31. Bf4 Ra6 32. Kh2 b3 33. Rg2 Nc6 34.
Rbg1 g6 35. Nxc6 Rxc6 36. Ra1 Ra6 37. Ra4 Rd3 38. Bc7 e3 39. Rxa5 Rxa5 40. Bxa5
Rxd4 41. c6 Rc4 42. c7 Kf7 43. Rb2 Ke7 44. Rxb3 e2 45. Re3 Rc2 46. Kg3 Kd7 47.
Rd3+ Kc8 48. Rd8+ Kb7 49. Rb8+ Ka6 50. c8=Q+ Kxa5 51. Qxe6 1-0

[Event "Sparkassen-Open A"]
[Site "Heusenstamm, Martinsee"]
[Date "2016.11.27"]
[Round "1.41"]
[White "Lotz, Ralf"]
[Black "Budzyn, Matthias"]
[Result "0-1"]
[WhiteElo "1900"]
[BlackElo "2166"]
[PlyCount "86"]
[EventDate "2016.??.??"]
[WhiteTeam "SC Obertshausen"]
[BlackTeam "SG Turm Kiel"]

1. d4 Nf6 2. Nf3 g6 3. g3 Bg7 4. Bg2 d5 5. c4 dxc4 6. Nc3 O-O 7. O-O Nfd7 8. e4
Nb6 9. Bf4 c6 10. h3 N8d7 11. Qd2 e5 12. Bh6 f6 13. Bxg7 Kxg7 14. Rad1 Qe7 15.
a4 exd4 16. Qxd4 Nc5 17. e5 Nbxa4 18. Nxa4 Nxa4 19. Rfe1 Bf5 20. exf6+ Qxf6 21.
Re7+ Kg8 22. Qxf6 Rxf6 23. Rxb7 Nc5 24. Rc7 Nd3 25. Rd2 Be4 26. Nd4 Bxg2 27.
Kxg2 Rd8 28. Nf3 Rdf8 29. Ng5 Rxf2+ 30. Rxf2 Rxf2+ 31. Kg1 Rf5 32. Ne4 a5 33.
Nd6 Rf3 34. Kg2 Rf2+ 35. Kg1 Rc2 36. g4 Ne5 37. Rb7 h5 38. gxh5 gxh5 39. h4 a4
40. Ne4 Kf8 41. Nf6 c3 42. bxc3 a3 43. Ra7 a2 0-1

[Event "Sparkassen-Open A"]
[Site "Heusenstamm, Martinsee"]
[Date "2016.11.27"]
[Round "1.42"]
[White "Wolf, Ulrich Martin"]
[Black "Büse, Ralf"]
[Result "1/2-1/2"]
[WhiteElo "2161"]
[BlackElo "1898"]
[PlyCount "41"]
[EventDate "2016.??.??"]
[WhiteTeam "SC Hansa Dortmund"]
[BlackTeam "SC Ladja Roßdorf"]

1. d4 Nf6 2. Nf3 g6 3. Bg5 Bg7 4. Nbd2 d5 5. e3 O-O 6. Bd3 Nbd7 7. O-O c5 8. c3
b6 9. Qe2 Bb7 10. e4 dxe4 11. Nxe4 cxd4 12. cxd4 Nxe4 13. Bxe4 Bxe4 14. Qxe4
Nf6 15. Qb7 e6 16. Rac1 Qd5 17. Rc7 Qxb7 18. Rxb7 Nd5 19. Rc1 f6 20. Bd2 Rf7
21. Rxf7 1/2-1/2

[Event "Sparkassen-Open A"]
[Site "Heusenstamm, Martinsee"]
[Date "2016.11.27"]
[Round "1.43"]
[White "Lesny, Florian"]
[Black "Hilzinger, Markus"]
[Result "0-1"]
[WhiteElo "1889"]
[BlackElo "2133"]
[PlyCount "70"]
[EventDate "2016.??.??"]
[WhiteTeam "SK Niederbrechen"]
[BlackTeam "SC Pforzheim"]

1. e4 c5 2. Nf3 g6 3. d4 cxd4 4. Nxd4 Bg7 5. Nc3 Nc6 6. Be3 Nf6 7. Bc4 O-O 8.
Bb3 a5 9. O-O a4 10. Nxa4 Nxe4 11. Nb5 d5 12. Bb6 Qd7 13. f3 Nd6 14. Nxd6 Qxd6
15. Bc5 Qd8 16. Bb6 Qd7 17. Bf2 Ra5 18. Nb6 Qd6 19. c3 Be6 20. Qe1 Qc7 21. Na4
d4 22. Bxe6 Rxa4 23. Bb3 Ra5 24. cxd4 Nxd4 25. Rb1 Nxb3 26. axb3 Rd5 27. Qe4 e6
28. Qc4 Qd7 29. b4 Rc8 30. Qe4 Rd2 31. b3 Rcc2 32. Rbe1 Bd4 33. Kh1 Bxf2 34.
Ra1 Bd4 35. Rad1 Rxg2 0-1

[Event "Sparkassen-Open A"]
[Site "Heusenstamm, Martinsee"]
[Date "2016.11.27"]
[Round "1.44"]
[White "Erdmann, Stefan"]
[Black "Thomas, Tobias"]
[Result "1-0"]
[WhiteElo "2155"]
[BlackElo "1842"]
[PlyCount "75"]
[EventDate "2016.??.??"]
[WhiteTeam "SC Bad Soden"]
[BlackTeam "SK Langen"]

1. d4 Nf6 2. c4 g6 3. Nc3 Bg7 4. e4 d6 5. f4 c5 6. d5 O-O 7. Nf3 Re8 8. Be2 e6
9. e5 dxe5 10. fxe5 Ng4 11. Bg5 Qa5 12. O-O Nxe5 13. Ne4 Nxf3+ 14. Bxf3 Nd7 15.
Nd6 Rf8 16. Be7 Qb6 17. Bxf8 Nxf8 18. Nxc8 Rxc8 19. dxe6 Nxe6 20. Qd7 Qc7 21.
Qxc7 Rxc7 22. Rab1 Nd4 23. b3 Nxf3+ 24. gxf3 Bd4+ 25. Kg2 Re7 26. Rfe1 Kf8 27.
Rxe7 Kxe7 28. Re1+ Kd7 29. Kg3 f6 30. Re2 Bc3 31. Kf4 Ba5 32. h4 Bc7+ 33. Kg4
h5+ 34. Kh3 Bf4 35. Re1 a6 36. Rg1 g5 37. Rd1+ Bd6 38. Rd5 1-0

[Event "Sparkassen-Open A"]
[Site "Heusenstamm, Martinsee"]
[Date "2016.11.27"]
[Round "1.45"]
[White "Bethke, Robert"]
[Black "Engel, Berthold"]
[Result "1-0"]
[WhiteElo "1887"]
[BlackElo "2153"]
[PlyCount "51"]
[EventDate "2016.??.??"]
[WhiteTeam "SC Gelnhausen"]
[BlackTeam "BG Buchen"]

1. c4 e5 2. Nc3 Bb4 3. d3 Bxc3+ 4. bxc3 d6 5. g3 Bd7 6. Bg2 Bc6 7. Nf3 Ne7 8.
O-O Nd7 9. d4 b6 10. Ba3 f6 11. Qc2 O-O 12. Rfd1 Qe8 13. Bh3 f5 14. dxe5 Bxf3
15. exd6 Be4 16. Qd2 Nc8 17. dxc7 Rf7 18. Qf4 Qe6 19. Rd4 Bc6 20. e4 Bxe4 21.
Rxe4 Qxe4 22. Qxe4 fxe4 23. Rd1 Nf8 24. Rd8 g6 25. Bxc8 Rxc7 26. Be6+ 1-0

[Event "Sparkassen-Open A"]
[Site "Heusenstamm, Martinsee"]
[Date "2016.11.27"]
[Round "1.46"]
[White "Kiselev, Alexander S"]
[Black "Wüstehube, Harry"]
[Result "1-0"]
[WhiteElo "2149"]
[BlackElo "1884"]
[PlyCount "80"]
[EventDate "2016.??.??"]
[WhiteTeam "vereinslos"]
[BlackTeam "Kasseler SK"]

1. e4 d6 2. d4 Nf6 3. Nc3 g6 4. f3 c6 5. Be3 b5 6. Qd2 a6 7. O-O-O Qc7 8. e5
Nd5 9. Nxd5 cxd5 10. Bf4 e6 11. h4 Nd7 12. exd6 Bxd6 13. Bxd6 Qxd6 14. h5 Bb7
15. hxg6 fxg6 16. Nh3 O-O-O 17. Ng5 Qe7 18. Re1 Nf8 19. Qf4 Rg8 20. Qe5 Re8 21.
Bd3 Bc6 22. f4 Bd7 23. Rh3 Qg7 24. a4 Kb7 25. a5 Qxe5 26. fxe5 Re7 27. Rf1 h5
28. Rhf3 Nh7 29. Nf7 Rg7 30. Nd6+ Ka7 31. Rg3 g5 32. Bxh7 h4 33. Rg4 Rxh7 34.
Rxg5 h3 35. gxh3 Rxh3 36. Rg4 Reh7 37. Rgf4 Rh1 38. Rxh1 Rxh1+ 39. Kd2 Rh7 40.
Kc3 Bc8 1-0

[Event "Sparkassen-Open A"]
[Site "Heusenstamm, Martinsee"]
[Date "2016.11.27"]
[Round "1.47"]
[White "Scherf, Karl-Heinrich"]
[Black "Chirita-Mihaila, Marius-Constant"]
[Result "1/2-1/2"]
[WhiteElo "1881"]
[BlackElo "2148"]
[PlyCount "109"]
[EventDate "2016.??.??"]
[WhiteTeam "SF Neuberg"]
[BlackTeam "CSS 1 Timisoara"]

1. e4 g6 2. d4 Bg7 3. Nc3 d6 4. Nf3 a6 5. a4 Nd7 6. Be2 c5 7. Be3 Ngf6 8. h3
O-O 9. O-O cxd4 10. Nxd4 Nc5 11. Bf3 Rb8 12. Qd2 Bd7 13. b4 Ne6 14. Nd5 b5 15.
Nxf6+ Bxf6 16. Be2 bxa4 17. Bxa6 Nxd4 18. Bxd4 Bxd4 19. Qxd4 Qb6 20. Qxb6 Rxb6
21. b5 Bxb5 22. Bxb5 Rxb5 23. Rxa4 Rc8 24. Ra2 Kg7 25. f3 Kf6 26. Rd1 h5 27. h4
Rbc5 28. Rd2 Ke5 29. Kf2 f5 30. exf5 gxf5 31. Re2+ Kf6 32. Ra7 e5 33. Rh7 Rxc2
34. Rxh5 Rxe2+ 35. Kxe2 Rc2+ 36. Kf1 f4 37. Rh6+ Ke7 38. h5 d5 39. Ra6 d4 40.
h6 d3 41. h7 Rc1+ 42. Kf2 Rh1 43. Ra2 Ke6 44. Rd2 Rxh7 45. Rxd3 Ra7 46. Rd2 Ra3
47. Rb2 Kf5 48. Rc2 Rd3 49. Rb2 Rd5 50. Ra2 e4 51. fxe4+ Kxe4 52. Ra4+ Kf5 53.
Ra2 Kg4 54. Rb2 Rd3 55. Ra2 1/2-1/2

[Event "Sparkassen-Open A"]
[Site "Heusenstamm, Martinsee"]
[Date "2016.11.27"]
[Round "1.48"]
[White "Wanie, Karsten"]
[Black "Jennewein, Norbert"]
[Result "1/2-1/2"]
[WhiteElo "2145"]
[BlackElo "1877"]
[PlyCount "90"]
[EventDate "2016.??.??"]
[WhiteTeam "SC Matt im Park"]
[BlackTeam "SC Fehrbach"]

1. d4 d5 2. c4 dxc4 3. Nf3 a6 4. e3 Bg4 5. Bxc4 e6 6. h3 Bh5 7. Nc3 Nf6 8. g4
Bg6 9. Ne5 Nbd7 10. Nxg6 hxg6 11. Qf3 c6 12. Bb3 Nd5 13. e4 Nxc3 14. bxc3 Qf6
15. Qxf6 gxf6 16. h4 e5 17. Be3 Bd6 18. Ke2 a5 19. a4 Rh7 20. h5 O-O-O 21. hxg6
Rxh1 22. Rxh1 fxg6 23. Rh6 Nf8 24. Bf7 b5 25. axb5 cxb5 26. Kd3 exd4 27. cxd4
Rd7 28. Bd5 Rc7 29. Rh8 b4 30. Bh6 Rc3+ 31. Kd2 Rh3 32. e5 fxe5 33. dxe5 Rxh6
34. Rxh6 Bxe5 35. Kc2 a4 36. Rh3 Kc7 37. Rf3 Nd7 38. Rf7 Kd6 39. Ba2 Nc5 40. f4
Bd4 41. f5 gxf5 42. gxf5 b3+ 43. Bxb3 axb3+ 44. Kb1 b2 45. Kc2 Ne4 1/2-1/2